书目信息 |
| 题名: |
拼接图文在英语阅读教学中的应用
|
|
| 作者: | 马欣 著 | |
| 分册: | ||
| 出版信息: | 北京 外语教学与研究出版社 2021.01 |
|
| 页数: | 69页 | |
| 开本: | 21cm | |
| 丛书名: | 中国英语阅读教育研究院教师发展系列 | |
| 单 册: | ||
| 中图分类: | G633.412 | |
| 科图分类: | ||
| 主题词: | 英语--ying yu--阅读教学--教学研究--中小学 | |
| 电子资源: | ||
| ISBN: | 978-7-5213-2363-4 | |
| 000 | 01085nam 2200265 450 | |
| 001 | 012000045417 | |
| 005 | 20211025120159.0 | |
| 010 | @a978-7-5213-2363-4@dCNY12.80 | |
| 100 | @a20210802d2021 em y0chiy50 ea | |
| 101 | 0 | @achi@aeng |
| 102 | @aCN@b110000 | |
| 105 | @aa a 000yy | |
| 106 | @ar | |
| 200 | 1 | @a拼接图文在英语阅读教学中的应用@Apie jie tu wen zai ying yu yue du jiao xue zhong de ying yong@f马欣著 |
| 210 | @a北京@c外语教学与研究出版社@d2021.01 | |
| 215 | @a69页@c图@d21cm | |
| 225 | 2 | @a中国英语阅读教育研究院教师发展系列@Azhong guo ying yu yue du jiao yu yan jiu yuan jiao shi fa zhan xi lie@i外研社·英语分级阅读教学指南 |
| 320 | @a有书目 (第68-69页) | |
| 330 | @a本书从拼接图文的兴起和定义入手, 探讨了这种阅读教学方式对促进学生主动参与阅读过程、合作开展意义探究所起到的重要作用。 | |
| 410 | 0 | @12001 @a中国英语阅读教育研究院教师发展系列@i外研社·英语分级阅读教学指南 |
| 606 | 0 | @a英语@Aying yu@x阅读教学@x教学研究@x中小学 |
| 690 | @aG633.412@v5 | |
| 701 | 0 | @a马欣@Ama xin@4著 |
| 801 | 0 | @aCN@c20210909 |
| 905 | @a河南城建学院图书馆@dG633.412@eM196 | |
| 拼接图文在英语阅读教学中的应用/马欣著.-北京:外语教学与研究出版社,2021.01 |
| 69页:图;21cm.-(中国英语阅读教育研究院教师发展系列.外研社·英语分级阅读教学指南) |
| ISBN 978-7-5213-2363-4:CNY12.80 |
| 本书从拼接图文的兴起和定义入手, 探讨了这种阅读教学方式对促进学生主动参与阅读过程、合作开展意义探究所起到的重要作用。 |
| ● |
| 相关链接 |
|
|
|
正题名:拼接图文在英语阅读教学中的应用
索取号:G633.412/M196
 
预约/预借
| 序号 | 登录号 | 条形码 | 馆藏地/架位号 | 状态 | 备注 |
| 1 | 1545356 | 215453569 | 社科库409/409社科库 7排3列2层/ [索取号:G633.412/M196] | 在馆 |